Представление документа в формате MARC21

Поле Инд. ПП Название Значение
Тип записи a
Библиографический уровень m
001 Контрольный номер 801800ab-d871-4f79-9853-fedc82a6524c
005 Дата корректировки 20131111191611.2
008 Кодируемые данные 000420 d
020 c Цена, тираж 1000.00
040 a Служба первич. каталог. НБ ТвГУ
041 a Код языка текста rus
080 a Индекс УДК 530.145.6(075.8)
084 a Индекс другой классификации/Индекс ББК В314я731-1
090 c Каталожный индекс В314я731-1
x Авторский знак Б70
a Полочн. индекс В314
100 1_ a Автор Блохинцев Дмитрий Иванович
245 0_ a Заглавие Основы квантовой механики
b Продолж. заглавия Учеб. пособие для ун-тов
c Ответственность Д.И. Блохинцев
250 a Основные сведения об издании 2.изд., перераб.
260 0_ a Место издания Москва; Л.
b Издательство Гостехиздат
c Дата издания 1949
300 a Объем 588 с.
b Иллюстрации/ тип воспроизводства ил.
504 a Библиография Предм. указ.: с.583-588.
583 a Действие Получение впервые 359 17.11.97
k Исполнитель действия Городецкий А.А.
650 a Основная рубрика Квантовая механика
x Основная подрубрика Учебники для вузов
653 a Ключевые слова Квантовая механика
a Ключевые слова Учебники
852 t Порядковый номер экземпляра 1
p Инвентарный номер 689658
888 a За наличные
930 a Новая/Ретро Учебники
952 p 359 1000.00 1 689658
c Вид литературы К ру
954 a Дата поступления на обработку 28.11.97
999 a Подразделение 2 Фил3